Catàleg del Col·legi de Periodistes de Catalunya

Les jounalistes politiques (Registre núm. 2529)

000 -CABECERA
Longitud fija campo de control 00475nam a2200181 a 4500
001 - NÚMERO DE CONTROL
Número de control 2529
003 - IDENTIFICADOR DEL NÚMERO DE CONTROL
Identificador del número de control CDMR
005 - FECHA Y HORA DE LA ÚLTIMA TRANSACCIÓN
Fecha y hora de la última transacción 20131106131534.0
008 - CÓDIGOS DE INFORMACIÓN DE LONGITUD FIJA
Códigos de información de longitud fija 130130s1969||||||||||||||||||||||||||||d
040 ## - FUENTE DE LA CATALOGACIÓN
Centro catalogador de origen CDMR
Lengua de catalogación cat
Centro transcriptor CDMR
100 1# - PUNTO DE ACCESO PRINCIPAL-NOMBRE DE PERSONA
Nombre de persona Rossi-Landi, Guy
9 (RLIN) 1896
245 14 - MENCIÓN DE TÍTULO
Título Les jounalistes politiques
Mención de responsabilidad, etc. Guy Rossi-Landi
260 ## - PUBLICACIÓN, DISTRIBUCIÓN, ETC. (PIE DE IMPRENTA)
Lugar de publicación, distribución, etc. Paris
Fecha de publicación, distribución, etc. 1969
Nombre del editor, distribuidor, etc. Flammarion
300 ## - DESCRIPCIÓN FÍSICA
Extensión 236 p.
490 0# - MENCIÓN DE SERIE
Mención de serie Le Procès des Juges
650 04 - PUNTO DE ACCESO ADICIONAL DE MATERIA - TÉRMINO DE MATERIA
9 (RLIN) 4130
Término de materia o nombre geográfico como elemento inicial Premsa i política
Subdivisión geográfica França
942 ## - ENTRADA DE ELEMENTOS AGREGADOS (KOHA)
Koha [por defecto] tipo de item Monografies
Fuente de clasificaión o esquema
Fons
Suprimido Perdido Estropeado No para préstamo Localización permanente Localización actual Fecha adquisición Préstamos totales Signatura completa Código de barras Fecha última consulta Fecha del precio de reemplazo Tipo de item de Koha
        Centre de Documentació Montserrat Roig Centre de Documentació Montserrat Roig 2013-01-16   Dg /17 CDMR13119425 2013-01-16 2013-01-16 Monografies

Implantat amb Koha